Statistics for 1990s Celebrities by Picture #2

Click here to take the quiz!

General Stats

  • This quiz has been taken 18,958 times
    (10,888 since last reset)
  • The average score is 9 of 16

Answer Stats

Answer % Correct
Leonardo DiCaprio
98%
Bill Gates
87%
Ellen DeGeneres
84%
Macaulay Culkin
79%
Sean Penn
73%
Sarah Jessica Parker
69%
Jay Leno
69%
Ice Cube
68%
Rosie O'Donnell
55%
Jean-Claude Van Damme
52%
Kirstie Alley
46%
Fred Savage
35%
Dana Carvey
34%
Candice Bergen
29%
Teri Hatcher
24%
Dean Cain
20%

Score Distribution

Percentile by Number Answered

Percent of People with Each Score

Your Score History

You have not taken this quiz since the last reset